000 00424nam a2200157Ia 4500
008 230917s9999||||xx |||||||||||||| ||und||
020 _cRS145
040 _e32171
_aMAIN
041 _aEnglish
082 _a658.3 R141T
100 _aRamaswami, N
245 0 _aPower brokers: A fiction on industrial psychology and human resource management
260 _aNew Delhi
_bExcel Books
_c1998
300 _a281 p.
942 _cBK
999 _c104721
_d104721